000 01205nam a2200301 i 4500
003 EG-GICUC
005 20260121101537.0
008 251224s2002 ua ||||fr|||| 00| 0 ara d
040 _a EG-GICUC
_bara
_c EG-GICUC
_d EG-GICUC
_erda
041 0 _aara
082 0 4 _221
_a345.44
_bه ش . م
092 0 4 _221
099 _aLaw1 07 345.44ه ش . م 1 ed - 2002
100 0 _aهشام محمد البدري
_eمؤلف.
245 1 2 _aالمسئولية الشخصية للموظف العام /
_cهشام محمد البدري.
250 _aالطبعة الاولى
264 3 _a[مكان النشر غير محدد] :
_b[الناشر غير محدد],
_c2002
300 _a102 ؛ صفحة
_c24 سم.
336 _2rda content
_atext
337 _2rda media
_aComputer
338 _2rda carrier
_aOnline Resource
504 _aيحتوي على ارجاعات ببليوجرافية يحتوي على قائمة بالمراجع
546 _aالنص أغلبه باللغة العربية مع بعض النصوص الفرنسية
650 1 4 _aواجبات الموظف العام
856 4 0 _uhttps://fll.law.cu.edu.eg/fulltext/bks/B07-01557.pdf
905 _a75
942 _2ddc
_cBK
_e21
_n0
999 _c52450
_d52450